The Rainbow Slideshow Quiz Stats

Quiz not verified by Sporcle

Challenge
Share
Tweet
Score 0/18 Timer 02:00
0 Plays Today
% Correct
Bow Tie
97.3%
Orange
96.7%
Tree Frog
95.7%
Sunflower
95.5%
Traffic Cone
95.2%
Hat
94%
Footprints
93.5%
Skirt
93.1%
Golf Ball
92.6%
% Correct
Jelly Beans
92.6%
Watch
92.5%
Gloves
92.4%
Drinking Glass
91.6%
Roll of Tape
90.7%
Pillow
90.4%
Apple
90%
Banana
89.6%
Balloon
83.2%

You're not logged in!

Compare scores with friends on all Sporcle quizzes.
Sign Up with Email
OR
Log In

You Might Also Like...

Show Comments

Extras

Top Quizzes Today


Score Distribution

Your Account Isn't Verified!

In order to create a playlist on Sporcle, you need to verify the email address you used during registration. Go to your Sporcle Settings to finish the process.